| 000 | 00371nam a22001457a 4500 | ||
|---|---|---|---|
| 999 |
_c531587 _d531587 |
||
| 003 | NUST | ||
| 020 |
_a9789879898345 _qH/B. |
||
| 038 | _awaseem | ||
| 082 |
_a333.7 _bZEC |
||
| 100 |
_aZecchin, Gigliola _924463 |
||
| 245 |
_aArgentina, una intensa travesia / _cGigliola Zecchin |
||
| 260 |
_aBuenos Aires : _bLaboratirios, _c2012. |
||
| 300 | _a200 p. ; | ||
| 942 |
_2ddc _cBK |
||